| 000 | 00620nam a2200229Ia 4500 | ||
|---|---|---|---|
| 003 | OSt | ||
| 005 | 20221007080719.0 | ||
| 006 | a|||||r|||| 00| 0 | ||
| 007 | ta | ||
| 008 | 221006b |||||||| |||| 00| 0 eng d | ||
| 024 | _a14,081 | ||
| 037 | _cTextual | ||
| 040 |
_aFLL _cFLL _beng |
||
| 041 |
_2eng _aeng |
||
| 082 | _aX.5:Z, K5 | ||
| 100 |
_aWhitney F.A. Au. _9695327 |
||
| 245 | 0 | _aLaw of the modern commercial practices | |
| 260 |
_aNew York _bBaker voorhis and co., inc. U.S.A. _c1965 |
||
| 300 |
_a1138p _ccm. |
||
| 942 |
_hX.5:Z, K5 _cTEXL _2CC |
||
| 999 |
_c1160646 _d1160646 |
||